00778nam a22002417a 450000500170000001000130001702000230003003500130005303700160006604000120008208200160009424500640011024600060017426000410018027000550022130000210027665000190029765000260031670000230034294200250036599900190039095201270040920170124110230.0 aB-081296 c750.00a8175241922 aB-081296 bCen Lib/Ret aDPLbEN a796.01bSPO aSports Laws /cedited and compiled by Anil Sharma...[et al] b  bKhel Sahitya Kendrac2004aNew Delhi a4264/3, Ansari Road, Darya GanjbNew Delhie110002 a532p. c20cm(Hb) aSports 941224 aLaws -- Sports924789 aSharma, Anil93003 2ddccENh796.01mSPO c134611d134611 01104070aLbLd2015-07-30eCen Lib/Retg750.00l0o796.01 SPOpB-081296r2015-07-30 00:00:00t1v750.00w2015-07-30yEN